Housing development: a guide to the assessment, remediation and validation of land. (Record no. 101370)

MARC details
000 -LEADER
fixed length control field 00703cam a2200241 4500
001 - CONTROL NUMBER
control field J112190
008 - FIXED-LENGTH DATA ELEMENTS--GENERAL INFORMATION
fixed length control field 000000n1996 000 0 eng u
035 ## - SYSTEM CONTROL NUMBER
System control number (Sirsi) u112190
050 ## - LIBRARY OF CONGRESS CALL NUMBER
Classification number 333.73
110 ## - MAIN ENTRY--CORPORATE NAME
Corporate name or jurisdiction name as entry element Fugro Environmental Limited
9 (RLIN) 4071
245 ## - TITLE STATEMENT
Title Housing development: a guide to the assessment, remediation and validation of land.
260 ## - PUBLICATION, DISTRIBUTION, ETC.
Place of publication, distribution, etc. Hemel Hempstead
Name of publisher, distributor, etc. FUGRO
Date of publication, distribution, etc. 1996
300 ## - PHYSICAL DESCRIPTION
Extent [100p.] ; 30cm.
520 ## - SUMMARY, ETC.
Summary, etc. Produced for the Wimpey Group
650 ## - SUBJECT ADDED ENTRY--TOPICAL TERM
Topical term or geographic name entry element BROWNFIELD SITES
650 ## - SUBJECT ADDED ENTRY--TOPICAL TERM
Topical term or geographic name entry element CONTAMINATED LAND
650 ## - SUBJECT ADDED ENTRY--TOPICAL TERM
Topical term or geographic name entry element REDEVELOPMENT
650 ## - SUBJECT ADDED ENTRY--TOPICAL TERM
Topical term or geographic name entry element Environment
9 (RLIN) 6238
650 ## - SUBJECT ADDED ENTRY--TOPICAL TERM
Topical term or geographic name entry element HOUSING
650 ## - SUBJECT ADDED ENTRY--TOPICAL TERM
Topical term or geographic name entry element NEW BUILD
690 ## - LOCAL SUBJECT ADDED ENTRY--TOPICAL TERM (OCLC, RLIN)
Topical term or geographic name as entry element PROPERTY-PROPERTY DEVELOPMENT
942 ## - ADDED ENTRY ELEMENTS (KOHA)
Suppress in OPAC 0
Holdings
Withdrawn status Lost status Source of classification or shelving scheme Damaged status Not for loan Home library Current library Shelving location Date acquired Total Checkouts Full call number Barcode Date last seen Copy number Price effective from Koha item type
    Dewey Decimal Classification     London London Folio 26/04/2001   F333.73 FUG 30064056 06/08/2019 1 06/08/2019 Book